[Event "Barcelona Torxa op 2nd"]
[Site "Barcelona"]
[Date "2009.09.02"]
[Round "2"]
[White "Losada Montraveta, David"]
[Black "Bada Navarro, Ariadna"]
[Result "1/2-1/2"]
[WhiteElo "1700"]
[BlackElo "1722"]
[PlyCount "74"]
[EventDate "2009.09.01"]
[EventType "swiss"]
[EventRounds "7"]
[EventCountry "ESP"]
[SourceTitle "EXT 2024"]
[Source "ChessBase"]
[SourceDate "2023.10.10"]
[SourceVersion "1"]
[SourceVersionDate "2023.10.10"]
[SourceQuality "1"]

1. e4 e5 2. Nf3 Nc6 3. Nc3 Nf6 4. d3 Bc5 5. Bg5 h6 6. Bxf6 Qxf6 7. Nd5 Qd8 8. Be2 0-0 9. 0-0 d6 10. Qd2 Be6 11. c4 Bxd5 12. exd5 Ne7 13. a3 c6 14. b4 Bd4 15. Nxd4 exd4 16. dxc6 bxc6 17. b5 cxb5 18. cxb5 Rb8 19. a4 Ra8 20. Rac1 a6 21. Bf3 Ra7 22. bxa6 Rxa6 23. Bb7 Ra7 24. Rb1 Qb8 25. Be4 Rxa4 26. Qc2 Qa7 27. Rfe1 Ra2 28. Qc4 d5 29. Bxd5 Nxd5 30. Qxd5 Rd2 31. g4 Rxd3 32. Qf5 Rd2 33. Qf4 Rd3 34. Ra1 Qd7 35. g5 hxg5 36. Qxg5 Qd8 37. Qxd8 Rxd8 1/2-1/2

[Event "Barcelona Torxa op 2nd"]
[Site "Barcelona"]
[Date "2009.09.01"]
[Round "1"]
[White "Cervello Tost, Ferran"]
[Black "Losada Montraveta, David"]
[Result "1-0"]
[WhiteElo "1817"]
[BlackElo "1700"]
[PlyCount "73"]
[EventDate "2009.09.01"]
[EventType "swiss"]
[EventRounds "7"]
[EventCountry "ESP"]
[SourceTitle "EXT 2024"]
[Source "ChessBase"]
[SourceDate "2023.10.10"]
[SourceVersion "1"]
[SourceVersionDate "2023.10.10"]
[SourceQuality "1"]

1. e4 e5 2. Nc3 Nc6 3. Bc4 Nf6 4. Nf3 d6 5. h3 Be7 6. d3 d5 7. Nxd5 Nxd5 8. Bxd5 Rb8 9. Be3 0-0 10. Qe2 Bd7 11. g4 Nb4 12. Bb3 c5 13. a3 Nc6 14. g5 Rc8 15. 0-0-0 b5 16. h4 a5 17. h5 a4 18. Bd5 Bg4 19. g6 hxg6 20. hxg6 Qxd5 21. exd5 Bxf3 22. Qxf3 fxg6 23. Qh3 Kf7 24. Qe6+ Ke8 25. Qxc8+ Nd8 26. Rh2 b4 27. Rdh1 Kf7 28. Rh8 bxa3 29. Rxf8+ Bxf8 30. Qxd8 axb2+ 31. Kxb2 a3+ 32. Kxa3 c4+ 33. Kb2 Bb4 34. Rh8 c3+ 35. Ka2 g5 36. Qd7+ Be7 37. Qe6# 1-0